Normal view
MARC view
Entry Personal Name
001 - CONTROL NUMBER
- control field: 14150
003 - CONTROL NUMBER IDENTIFIER
- control field: ARRUPE
005 - DATE AND TIME OF LATEST TRANSACTION
- control field: 20150116134213.0
008 - FIXED-LENGTH DATA ELEMENTS
- fixed length control field: 150116|| aca||aabn | a|a d
040 ## - CATALOGING SOURCE
- Original cataloging agency: ARRUPE
- Transcribing agency: ARRUPE
100 ## - HEADING--PERSONAL NAME
- Personal name: Wigner, Eugene Paul,
- Dates associated with a name: 1902-
670 ## - SOURCE DATA FOUND
- Source citation: Work cat.: (ARRUPE)0: Wigner, Eugene Paul, 1902-, The recollections of Eugene P. Wigner as told to Andrew Szanton., c1992.